مكتبة جامعة عجلون الوطنية

فهرس بحث المكتبة

التنظيم السياسي والنظام الدستوري (Record no. 16401)

MARC details
000 -LEADER
fixed length control field 00792nam a2200229Ii 4500
003 - CONTROL NUMBER IDENTIFIER
control field JO-AjNU
008 - FIXED-LENGTH DATA ELEMENTS--GENERAL INFORMATION
fixed length control field 230605s9999||||xx |||||||||||||| ||und||
017 ## - COPYRIGHT OR LEGAL DEPOSIT NUMBER
Copyright or legal deposit number 2008/9/3234
020 ## - INTERNATIONAL STANDARD BOOK NUMBER
International Standard Book Number 9957-16-478-2
040 ## - CATALOGING SOURCE
Original cataloging agency JO-AjNU
Language of cataloging ara
Description conventions rda
Transcribing agency JO-AjNU
041 ## - LANGUAGE CODE
Language code of text/sound track or separate title ara
050 14 - LIBRARY OF CONGRESS CALL NUMBER
Classification number JQ1825.J6.A26.2011
100 3# - MAIN ENTRY--PERSONAL NAME
Personal name العماوى ، مصطفى صالح ,
Relator term author
9 (RLIN) 31940
245 00 - TITLE STATEMENT
Title التنظيم السياسي والنظام الدستوري
250 ## - EDITION STATEMENT
Edition statement ط2
264 31 - PRODUCTION, PUBLICATION, DISTRIBUTION, MANUFACTURE, AND COPYRIGHT NOTICE
Place of production, publication, distribution, manufacture عمان : دار الثقافة ، 2011
300 ## - PHYSICAL DESCRIPTION
Extent 336ص
336 ## - CONTENT TYPE
Content type term text
Content type code txt
Source rdacontent
337 ## - MEDIA TYPE
Media type term unmediated
Media type code n
Source rdamedia
338 ## - CARRIER TYPE
Carrier type term volume
Carrier type code nc
Source rdacarrier
650 #4 - SUBJECT ADDED ENTRY--TOPICAL TERM
Topical term or geographic name entry element القانون الدستوري -- التنمية السياسية -- الأردن -- تاريخ الاردن
9 (RLIN) 31941
Holdings
Withdrawn status Lost status Source of classification or shelving scheme Damaged status Not for loan Home library Current library Shelving location Date acquired Total Checkouts Full call number Barcode Date last seen Price effective from Koha item type
    Library of Congress Classification     مكتبة جامعة عجلون الوطنية مكتبة جامعة عجلون الوطنية المجموعات العامة 06/06/2023   JQ1825.J6.A26.2011 A12833 06/06/2023 06/06/2023 Books